Multimedia Design and Production for students and teachers / (Record no. 678)

000 -LEADER
fixed length control field 00962nam a22002057a 4500
003 - CONTROL NUMBER IDENTIFIER
control field OSt
005 - DATE AND TIME OF LATEST TRANSACTION
control field 20140116120835.0
008 - FIXED-LENGTH DATA ELEMENTS--GENERAL INFORMATION
fixed length control field 111026t xxu||||| |||| 00| 0 eng d
020 ## - INTERNATIONAL STANDARD BOOK NUMBER
International Standard Book Number 9780205343874
040 ## - CATALOGING SOURCE
Language of cataloging English
Transcribing agency Loc
050 ## - LIBRARY OF CONGRESS CALL NUMBER
Classification number QA76.575 .C68 2004
100 ## - MAIN ENTRY--PERSONAL NAME
Personal name Counts, Edward L.
245 ## - TITLE STATEMENT
Title Multimedia Design and Production for students and teachers /
Statement of responsibility, etc Edward L. Counts
260 ## - PUBLICATION, DISTRIBUTION, ETC. (IMPRINT)
Place of publication, distribution, etc Boston
Name of publisher, distributor, etc Pearson
Date of publication, distribution, etc 2004
300 ## - PHYSICAL DESCRIPTION
Extent ix, 206p.:
Other physical details ill.
500 ## - GENERAL NOTE
General note includes Index
505 ## - FORMATTED CONTENTS NOTE
Formatted contents note Freed from the boundaries of Time and space; working with Multimedia technologies--- Creating fresh perceptions of the world: a brief history of multimedia---a multimedia starter kit: motivation, tools, skills---Digital Stills: revealing the world with a digital gallery---the mechanical eye becomes the digital eye: revealing the world with video---living pixels:digital animation---a final and vertov revisited
650 ## - SUBJECT ADDED ENTRY--TOPICAL TERM
Topical term or geographic name as entry element Multimedia design
942 ## - ADDED ENTRY ELEMENTS (KOHA)
Source of classification or shelving scheme
Koha item type Book
Holdings
Withdrawn status Lost status Source of classification or shelving scheme Damaged status Not for loan Home library Current library Shelving location Date acquired Total Checkouts Full call number Barcode Date last seen Price effective from Koha item type
          Riara University Library Riara University Library General stack 26/10/2011   QA76.575 .C68 2004 C.1 2796/11 26/10/2011 26/10/2011 Book
          Riara University Library Riara University Library General stack 26/10/2011   QA76.575 .C68 2004 C.2 2797/11 26/10/2011 26/10/2011 Book
          Riara University Library Riara University Library General stack 26/10/2011   QA76.575 .C68 2004 C.3 2798/11 26/10/2011 26/10/2011 Book

Riara University Library,
P.O. Box 49940-00100,
Nairobi, Kenya.